| 000 | 00466nam a2200169 a 4500 | ||
|---|---|---|---|
| 001 | 0353 | ||
| 005 | 20140414132022.0 | ||
| 008 | 040910s19uu xx 00 eng d | ||
| 020 | _a0-590-42849-7 | ||
| 050 |
_aTR _bIB4 1990 |
||
| 100 | _aHimmelman, John | ||
| 245 |
_aIbis: a true whale story / _cby John Himmelman. |
||
| 260 |
_aNew York : _bScholastic, _c1990. |
||
| 300 | _a1 v. (unp.) : ill. ; cm. | ||
| 650 |
_aWhale _xJuvenile literature. |
||
| 999 |
_c113484 _d113484 |
||